[Event "SVK-ch Amateurs"]
[Site "Liptovsky Jan"]
[Date "2023.06.18"]
[Round "8"]
[White "Hornacek, Tomas"]
[Black "Vresilovic, Matus"]
[Result "0-1"]
[WhiteElo "1130"]
[BlackElo "1214"]
[PlyCount "88"]
[EventDate "2023.06.15"]
[EventType "swiss"]
[EventRounds "8"]
[EventCountry "SVK"]
[SourceTitle "CBM 214 Extra"]
[Source "ChessBase"]
[SourceDate "2023.07.31"]
[SourceVersion "1"]
[SourceVersionDate "2023.07.31"]
[SourceQuality "1"]

1. e4 e5 2. Nf3 Nc6 3. d4 exd4 4. Nxd4 Nxd4 5. Qxd4 c5 6. Qd3 d6 7. Bf4 Be7 8. Be2 Be6 9. 0-0 Nf6 10. Nd2 0-0 11. Qg3 Qd7 12. Bh6 Bg4 13. Bxg4 Nxg4 14. Bf4 Nf6 15. Qf3 Rfe8 16. Rad1 Rad8 17. Rfe1 Qc6 18. Nc4 Bf8 19. Bg5 Re6 20. e5 Qxf3 21. gxf3 Rde8 22. f4 Nd7 23. Re3 f6 24. exf6 gxf6 25. Bh4 Kf7 26. f5 Rxe3 27. Nxe3 Ne5 28. Kg2 Rc8 29. Nd5 Be7 30. Kg3 Rg8+ 31. Kf4 Rg4+ 32. Ke3 Rxh4 33. f4 Nc6 34. Rd2 Bf8 35. Kf3 Nd4+ 36. Ke4 Bh6 37. c3 Nc6 38. Kf3 Ne7 39. Nxe7 Kxe7 40. Kg3 Bxf4+ 41. Kxh4 Bxd2 42. Kh5 d5 43. Kg4 Kd6 44. Kf3 Ke5 0-1

[Event "SVK-ch Amateurs"]
[Site "Liptovsky Jan"]
[Date "2023.06.16"]
[Round "4"]
[White "Graus, Samuel"]
[Black "Vresilovic, Matus"]
[Result "0-1"]
[WhiteElo "1000"]
[BlackElo "1214"]
[PlyCount "37"]
[EventDate "2023.06.15"]
[EventType "swiss"]
[EventRounds "8"]
[EventCountry "SVK"]
[SourceTitle "CBM 214 Extra"]
[Source "ChessBase"]
[SourceDate "2023.07.31"]
[SourceVersion "1"]
[SourceVersionDate "2023.07.31"]
[SourceQuality "1"]

1. e4 e5 2. d4 exd4 3. Qxd4 Nc6 4. Qe3 d6 5. Bb5 Bd7 6. Ne2 Nb4 7. Bxd7+ Qxd7 8. Qb3 Nc6 9. Nbc3 Nf6 10. 0-0 Be7 11. Bg5 h6 12. Bh4 g5 13. Bg3 h5 14. h3 h4 15. Bh2 g4 16. Rad1 gxh3 17. gxh3 Rg8+ 18. Kh1 Qxh3 19. Nd5 0-1

[Event "SVK-ch U08"]
[Site "Liptovsky Mikulas"]
[Date "2017.04.23"]
[Round "3"]
[White "Vresilovic, Matus"]
[Black "Dolnik, Michal"]
[Result "0-1"]
[WhiteElo "1000"]
[BlackElo "1000"]
[PlyCount "126"]
[EventDate "2017.04.22"]
[EventType "swiss"]
[EventRounds "9"]
[EventCountry "SVK"]
[SourceTitle "CBM 178 Extra"]
[Source "ChessBase"]
[SourceDate "2017.06.22"]
[SourceVersion "1"]
[SourceVersionDate "2017.06.22"]
[SourceQuality "1"]

1. e4 e5 2. Nf3 Nf6 3. Bc4 Nxe4 4. Nxe5 Qe7 5. Nxf7 Nc3+ 6. Be2 Nxd1 7. Nxh8 Nxb2 8. Bxb2 d6 9. Nc3 Bg4 10. 0-0 Bxe2 11. Rfe1 Qf6 12. Rxe2+ Kd7 13. Nd1 Qf5 14. Ne3 Qh5 15. Rae1 Be7 16. Nd5 Qxd5 17. Rxe7+ Kc6 18. Nf7 Nd7 19. d4 Rf8 20. Ne5+ dxe5 21. dxe5 Rf5 22. e6 Rg5 23. g3 Nf6 24. Bxf6 gxf6 25. Rd7 Re5 26. Rxd5 Rxe1+ 27. Kg2 Rxe6 28. Rh5 Re7 29. Rh6 Rf7 30. Rh4 Kd5 31. c3 b5 32. Rd4+ Kc5 33. a4 bxa4 34. Rxa4 c6 35. h4 Kb5 36. Rb4+ Kc5 37. f4 a5 38. Rd4 Re7 39. Kh3 Re3 40. Ra4 Kb5 41. Ra3 Kc4 42. Rxa5 Rxc3 43. Rf5 Kb4 44. Rxf6 c5 45. Rh6 Rf3 46. Kg4 c4 47. Rc6 Ra3 48. h5 c3 49. f5 Ra4 50. f6 Kb5+ 51. Kg5 Kxc6 52. Kh6 c2 53. f7 Ra8 54. Kxh7 c1Q 55. h6 Qg5 56. g4 Qf6 57. f8B Rxf8 58. g5 Qh8+ 59. Kg6 Qg8+ 60. Kh5 Qh7 61. g6 Rf5+ 62. Kg4 Qxg6+ 63. Kh4 Rh5# 0-1

[Event "SVK-ch U08"]
[Site "Liptovsky Mikulas"]
[Date "2017.04.22"]
[Round "1"]
[White "Vresilovic, Matus"]
[Black "Elias, Simon"]
[Result "0-1"]
[WhiteElo "1000"]
[BlackElo "1000"]
[PlyCount "36"]
[EventDate "2017.04.22"]
[EventType "swiss"]
[EventRounds "9"]
[EventCountry "SVK"]
[SourceTitle "CBM 178 Extra"]
[Source "ChessBase"]
[SourceDate "2017.06.22"]
[SourceVersion "1"]
[SourceVersionDate "2017.06.22"]
[SourceQuality "1"]

1. e4 e5 2. Nf3 Nc6 3. Bc4 Bc5 4. 0-0 Nf6 5. Nc3 Nd4 6. Nxd4 Bxd4 7. d3 0-0 8. Nb5 a6 9. Nxd4 d6 10. Nf3 Bg4 11. Bg5 h6 12. Bxf6 Qxf6 13. h3 Bxf3 14. Qd2 Qg5 15. g3 Qh5 16. h4 Qg4 17. Rfd1 Qh3 18. Qe3 Qg2# 0-1